|
|
|
|
| LEADER |
00000nab a2200000 a 4500 |
| 001 |
vtls000390260 |
| 003 |
SK-MaSNL |
| 005 |
20260302232554.0 |
| 008 |
111202c1990 xo 0 slo |
| 015 |
|
|
|a SNBRB19rr/mm-uuuuu
|
| 035 |
|
|
|a CL0390384
|
| 040 |
|
|
|a SNKBUCL
|b slo
|c SNKBUCL
|e AACR2
|
| 041 |
0 |
|
|a slo
|
| 044 |
|
|
|a xo
|c SK
|
| 080 |
|
|
|a 796.42.093.1-053.6(100)
|2 1981
|
| 100 |
1 |
|
|a Beňo, Martin
|4 aut
|9 931320
|
| 245 |
1 |
0 |
|a Pešava v rekordnom rytme
|b Sobota na 3. majstrovstvách sveta juniorov v atletike
|c Martin Beňo
|
| 650 |
0 |
7 |
|a atletika ľahká
|2 snkbucl
|9 899308
|
| 655 |
|
7 |
|a články z novín a časopisov
|2 snkbucl
|9 267496
|
| 773 |
0 |
|
|t Šport
|g Roč. 44, č. 188 (13. 8. 1990), s. 3
|
| 850 |
|
|
|a Slovenská národná knižnica v Martine
|a MTA001
|
| 852 |
|
|
|a SNK
|b KIS3GCP
|
| 958 |
|
|
|a RK
|
| 992 |
|
|
|a RBX
|
| 999 |
|
|
|c 1543539
|d 1545469
|